1240 1036 1486 1916 1849 1107 1150 1016 1728 1572 1128 1712 1535 1310 1204 1969 1910 1787 1784 1820 1483 1940 1969 1008 1379 1470 1059 1309 1728 1728 1315 1377 1700 1620 1867 1116 1368 1984 1011 1032 1573 1898 1684 1226 1826 1343 1651 1365 1885 1835 1425 1100 1007 1129 1076 1410 1664 1281 1514 1759 1463 1480 1823 1464 1831 1458 1251 1049 1642 1278 1341 1367 1995 1352 1157 1849 1212 1734 1174 1742 1497 1262 1758 1007 1491 1117 1973 1837 1133 1477 1300 1911 1655 1548 1842 1836 1489 1087 1409 BCNSPRNW ULIB Ver.6.0+V

เปลี่ยนเป็นภาษาไทย

Change to English
 แสดงรายละเอียดบรรณานุกรม
  กลับหน้าหลัก

Brief Record : Get Marc (ISO 2709) : E-mail record : QR code < ปิดหน้าต่าง
LEADER : 00000nam 2200000uu 4500
001    13399113619
003     ULIB
008    111124s2549||||th 000 0 tha d
020    ^a974943918X
090    ^aนว.^bN11H 2549
100 0  ^aNukan
245 00 ^aหนุ่มซึ้งสาวเซี้ยวเกี่ยวใจลุ้นรัก/^cNukan
250    ^aพิมพ์ครั้งที่ 1
260    ^aกรุงเทพฯ :^bเอนจอย,^c2549
300    ^a296 หน้า
710 1  ^aเอนจอย
945    ^p190^l0^i24693
995    ^aทศพร
999    ^aใช้งานได้ทุกระบบ
รายการนี้ยังไม่มีแท็ก
คุณยังไม่ได้ล็อกอิน คุณสามารถมีกิจกรรมร่วมกับเว็บไซต์ได้ แต่ต้องล็อกอินก่อน ::
  ล็อกอิน

รายการสื่อสารสนเทศ

ลำดับที่ ประเภท เลขเรียก/บาร์โค้ด สถานที่ สถานะ
1. นวนิยาย
นวนิยาย
นว. N11H 2549 ฉ.1 
  Barcode: 24693
ห้องสมุดวิทยาเขตสวรรค์ประชารักษ์
►นวนิยาย
บนชั้น
  ขอยืม

BibComment


ยังไม่เคยถูกคอมเมนท์

คอมเมนท์ทรัพยากรรายการนี้
  คอมเมนท์: หนุ่มซึ้งสาวเซี้..


 Copyright 2026. Bcnsprnw @Library